Logo BPK

Biblioteka

Politechniki Koszalińskiej

Referaty na IV sympozjum p.n. Metody heurezy : (Rekord nr 34864)

Szczegóły MARC
000 -ETYKIETA REKORDU
podpole kontrolne o stałej długości 00453nam a2200121 i 4500
001 - NUMER KONTROLNY REKORDU
pole kontrolne bg
040 ## - ŹRÓDŁO KATALOGOWANIA
Instytucja, która utworzyła rekord BPK
041 ## - KOD JĘZYKA
Kod języka tekstu pol
008 - POLE O STAŁEJ DŁUGOŚCI - DANE KONTROLNE
podpole kontrolne o stałej długości s pl f |000 0 pol
245 #N - TYTUŁ/ODPOWIEDZIALNOŚĆ
Tytuł Referaty na IV sympozjum p.n. Metody heurezy :
Ciąg dalszy tytułu 24 września 1977. Z.1 /
Pozostałe elementy strefy tytułu i oznaczenia odpowiedzialności Polskie Towarzystwo Cybernetyczne. Oddz. w Warszawie, Międzyuczelniany Instytut Filozofii i Socjologii przy UMCS w Lublinie - Zespół Heurystyki.
260 ## - STREFA ADRESU WYDAWNICZEGO
Miejsce wydania Warszawa,
Data publikacji, dystrybucji/powstania dokumentu 1977.
856 ## - LOKALIZACJA I DOSTĘP DO ELEKTRONICZNYCH DOKUMENTÓW ZDALNYCH
Link (URL) http://koha.tu.koszalin.pl/cgi-bin/koha/opac-detail.pl?biblionumber=34864
Tekst linku Katalog online BPK
942 ## - DODATKOWE ELEMENTY (KOHA)
Typ dokumentu Książka
Egzemplarze
Wycofany Status egzemplarza Uszkodzony Dostępność Lokalizacja stała Lokalizacja bieżąca Miejsce przechowywania Sygnatura Kod kreskowy Typ dokumentu
      Dostępny Biblioteka Politechniki Koszalińskiej Biblioteka Politechniki Koszalińskiej Wypożyczalnia BG 24961/1 01720181 Książka
© 2023 Biblioteka Politechniki Koszalińskiej :: KOHA